ARRUPE JESUIT UNIVERSITY

CORONAVIRUS -STOP THE SPREAD - CLEAN,DISINFECT,COVER

Ferdinand de Lesseps; (Record no. 124077)

MARC details
000 -LEADER
fixed length control field 00764nam a2200277 4500
001 - CONTROL NUMBER
control field 1474267
003 - CONTROL NUMBER IDENTIFIER
control field ARRUPE
005 - DATE AND TIME OF LATEST TRANSACTION
control field 20160128150642.0
008 - FIXED-LENGTH DATA ELEMENTS--GENERAL INFORMATION
fixed length control field 761011s1932 fr b b 000 0bfre
010 ## - LIBRARY OF CONGRESS CONTROL NUMBER
LC control number 32030269
035 ## - SYSTEM CONTROL NUMBER
System control number (OCoLC)ocm02494770
040 ## - CATALOGING SOURCE
Original cataloging agency DLC
Transcribing agency DRB
Modifying agency SER
050 0# - LIBRARY OF CONGRESS CALL NUMBER
Classification number TA140.L6
Item number C6
082 ## - DEWEY DECIMAL CLASSIFICATION NUMBER
Classification number 926.2
300 ## - PHYSICAL DESCRIPTION
Dimensions 21 cm.
100 1# - MAIN ENTRY--PERSONAL NAME
Personal name Schonfield, Hugh J.
9 (RLIN) 21917
245 10 - TITLE STATEMENT
Title Ferdinand de Lesseps;
Statement of responsibility, etc Hugh J. Schonfield
260 ## - PUBLICATION, DISTRIBUTION, ETC. (IMPRINT)
Place of publication, distribution, etc London,
Name of publisher, distributor, etc Herbert Joseph LTD.
Date of publication, distribution, etc 1937
300 ## - PHYSICAL DESCRIPTION
Extent 247p. ;
504 ## - BIBLIOGRAPHY, ETC. NOTE
Bibliography, etc "Sources et bibliographie": p. [290]-293.
600 10 - SUBJECT ADDED ENTRY--PERSONAL NAME
Personal name Lesseps, Ferdinand de,
Dates associated with a name 1805-1894.
9 (RLIN) 21918
650 ## - SUBJECT ADDED ENTRY--TOPICAL TERM
Topical term or geographic name as entry element Suez Canal
9 (RLIN) 21919
650 ## - SUBJECT ADDED ENTRY--TOPICAL TERM
Topical term or geographic name as entry element Panama Canal
9 (RLIN) 21920
942 ## - ADDED ENTRY ELEMENTS (KOHA)
Source of classification or shelving scheme Library of Congress Classification
Koha item type SPC
Holdings
Withdrawn status Lost status Source of classification or shelving scheme Damaged status Not for loan Collection code Home library Current library Shelving location Date acquired Total Checkouts Full call number Barcode Date last seen Price effective from Koha item type
    Library of Congress Classification     SPECIAL Collection ARRUPE LIBRARY ARRUPE LIBRARY Reference 28/01/2016   SPC TA140.L6 S35 46500006170 28/01/2016 28/01/2016 SPC

 

Arrupe Library. PO Box MP320 Mt Pleasant, Harare, Zimbabwe
263 242 745411|librarian@aju.ac.zw